[Event "AUT-ch Seniors 65"]
[Site "Vienna"]
[Date "2023.05.18"]
[Round "4"]
[White "Pumpler, Walter"]
[Black "Kunschek, Horst"]
[Result "0-1"]
[WhiteElo "1352"]
[BlackElo "1658"]
[PlyCount "60"]
[EventDate "2023.05.15"]
[EventType "swiss"]
[EventRounds "7"]
[EventCountry "AUT"]
[SourceTitle "CBM 214 Extra"]
[Source "ChessBase"]
[SourceDate "2023.07.31"]
[SourceVersion "1"]
[SourceVersionDate "2023.07.31"]
[SourceQuality "1"]

1. Nf3 Nc6 2. c4 e5 3. e4 Nf6 4. Nc3 Bb4 5. a3 Bxc3 6. bxc3 Nxe4 7. Bd3 Nf6 8. 0-0 0-0 9. Re1 Re8 10. Bc2 e4 11. Nd4 Ne5 12. Bxe4 Nxc4 13. d3 Nxe4 14. dxe4 c5 15. Nb3 d6 16. Nd2 Ne5 17. Qc2 Bd7 18. Bb2 Bc6 19. c4 Ng6 20. Qc3 f6 21. Rad1 Qc7 22. Nf3 Rad8 23. Ng5 fxg5 24. f3 Ne5 25. Bc1 h6 26. f4 gxf4 27. Bxf4 Qe7 28. Qg3 Qe6 29. Rxd6 Rxd6 30. Bxe5 Qxe5 0-1

[Event "AUT-ch Seniors 65"]
[Site "Vienna"]
[Date "2023.05.15"]
[Round "1"]
[White "Kunschek, Horst"]
[Black "Danner, Lambert"]
[Result "1/2-1/2"]
[WhiteElo "1658"]
[BlackElo "1985"]
[PlyCount "53"]
[EventDate "2023.05.15"]
[EventType "swiss"]
[EventRounds "7"]
[EventCountry "AUT"]
[SourceTitle "CBM 214 Extra"]
[Source "ChessBase"]
[SourceDate "2023.07.31"]
[SourceVersion "1"]
[SourceVersionDate "2023.07.31"]
[SourceQuality "1"]

1. e4 Nf6 2. e5 Nd5 3. d4 d6 4. Nf3 Bg4 5. exd6 cxd6 6. Be2 Nc6 7. 0-0 g6 8. h3 Bxf3 9. Bxf3 Nb6 10. Bxc6+ bxc6 11. c3 Bg7 12. Nd2 0-0 13. Nf3 Rc8 14. Bf4 h6 15. Rc1 c5 16. dxc5 Rxc5 17. Be3 Rc7 18. Bd4 e5 19. Bxb6 axb6 20. Qb3 Qd7 21. Rcd1 Qc6 22. Qd5 Rd8 23. Rfe1 Qxd5 24. Rxd5 Rc5 25. Red1 Rxd5 26. Rxd5 Kf8 27. Nd2 1/2-1/2

[Event "Vienna Advent op"]
[Site "Vienna"]
[Date "2022.12.05"]
[Round "1"]
[White "Kunschek, Horst"]
[Black "Thomas, Apolline"]
[Result "0-1"]
[WhiteElo "1689"]
[BlackElo "1945"]
[PlyCount "74"]
[EventDate "2022.12.05"]
[EventType "tourn"]
[EventRounds "7"]
[EventCountry "AUT"]
[SourceTitle "CBM 211 Extra"]
[Source "ChessBase"]
[SourceDate "2023.01.31"]
[SourceVersion "1"]
[SourceVersionDate "2023.01.31"]
[SourceQuality "1"]

1. e4 e5 2. Nf3 Nc6 3. d4 exd4 4. c3 d5 5. exd5 Qxd5 6. cxd4 Bg4 7. Be2 Bb4+ 8. Nc3 Nf6 9. 0-0 Qa5 10. h3 Bh5 11. Bd2 0-0-0 12. a3 Bxc3 13. bxc3 Ne4 14. Qc2 Nxd2 15. Qxd2 Bxf3 16. Bxf3 Nxd4 17. Qf4 Nxf3+ 18. Qxf3 Qd5 19. Qg4+ Kb8 20. Rad1 Qe5 21. Rxd8+ Rxd8 22. Rd1 Rxd1+ 23. Qxd1 a6 24. Qf3 Qe1+ 25. Kh2 Qe5+ 26. Kg1 f5 27. Qd3 Ka7 28. Qe3+ Qxe3 29. fxe3 Kb6 30. Kf2 Kc5 31. Kf3 Kc4 32. Kf4 Kxc3 33. Kxf5 c5 34. e4 Kd4 35. g4 c4 36. e5 Kd5 37. e6 Kd6 0-1

[Event "Vienna State-chB"]
[Site "Vienna"]
[Date "2022.09.22"]
[Round "6"]
[White "Kunschek, Horst"]
[Black "Kern, Julian"]
[Result "1/2-1/2"]
[WhiteElo "1743"]
[BlackElo "1694"]
[PlyCount "96"]
[EventDate "2022.09.17"]
[EventType "swiss"]
[EventRounds "9"]
[EventCountry "AUT"]
[SourceTitle "CBM 210 Extra"]
[Source "ChessBase"]
[SourceDate "2022.11.30"]
[SourceVersion "1"]
[SourceVersionDate "2022.11.30"]
[SourceQuality "1"]

1. e4 c5 2. Nf3 d6 3. d4 cxd4 4. Nxd4 Nf6 5. Bd3 e5 6. Nf3 d5 7. Nxe5 dxe4 8. Bb5+ Bd7 9. Bxd7+ Nbxd7 10. Nxd7 Qxd7 11. 0-0 Bb4 12. c3 Be7 13. Qxd7+ Nxd7 14. Re1 f5 15. Be3 Ne5 16. Bd4 Nd3 17. Re2 Rg8 18. Nd2 a6 19. f3 exf3 20. Nxf3 Kf8 21. g3 Re8 22. Rd2 Nc5 23. Re1 Ne4 24. Rde2 Bf6 25. Bxf6 Nxf6 26. Rxe8+ Nxe8 27. Ng5 Nf6 28. Ne6+ Kf7 29. Nc5 Rd8 30. Nxb7 Rd2 31. Rf1 g6 32. Rf2 Rd1+ 33. Kg2 Ne4 34. Rc2 Ke6 35. c4 Kd7 36. c5 Kc6 37. Na5+ Kb5 38. Nb3 Kc6 39. Kf3 Rd5 40. Kf4 g5+ 41. Ke3 Nxc5 42. Nxc5 Rxc5 43. Rd2 Re5+ 44. Kf3 Re8 45. h4 h6 46. Rd3 Rb8 47. Rd2 Re8 48. Rd3 Rb8 1/2-1/2

[Event "Vienna State-chB"]
[Site "Vienna"]
[Date "2022.09.20"]
[Round "4"]
[White "Kunschek, Horst"]
[Black "Pavlov, Alexander1111"]
[Result "0-1"]
[WhiteElo "1743"]
[BlackElo "1685"]
[PlyCount "116"]
[EventDate "2022.09.17"]
[EventType "swiss"]
[EventRounds "9"]
[EventCountry "AUT"]
[SourceTitle "CBM 210 Extra"]
[Source "ChessBase"]
[SourceDate "2022.11.30"]
[SourceVersion "1"]
[SourceVersionDate "2022.11.30"]
[SourceQuality "1"]

1. e4 e5 2. Nf3 Nc6 3. d4 exd4 4. c3 dxc3 5. Nxc3 Bb4 6. Bc4 Bxc3+ 7. bxc3 h6 8. 0-0 Nge7 9. h3 0-0 10. Re1 d6 11. Be3 Ng6 12. Qc2 Nge5 13. Nxe5 Nxe5 14. Bb3 Qf6 15. f4 Nc6 16. e5 dxe5 17. fxe5 Qxe5 18. Bxh6 Qf6 19. Be3 Bf5 20. Qf2 Qg6 21. Kh2 Ne5 22. Qg3 Nd3 23. Rf1 Qxg3+ 24. Kxg3 Bg6 25. Rad1 Rad8 26. Bc2 Rfe8 27. Bg5 Rd5 28. Bxd3 Rxg5+ 29. Kf2 Bxd3 30. Rxd3 Rf5+ 31. Rf3 Rxf3+ 32. Kxf3 Re6 33. Rd1 Kf8 34. Rd4 Ke7 35. c4 Ra6 36. Rd2 c5 37. Rb2 b6 38. Ke4 Ke6 39. Rc2 Ra3 40. Kf4 f6 41. Re2+ Kd6 42. Rc2 g6 43. h4 Kc6 44. g4 a6 45. h5 gxh5 46. gxh5 Rh3 47. Kg4 Rh1 48. Rf2 b5 49. Rxf6+ Kb7 50. cxb5 axb5 51. Rf3 c4 52. Rh3 Rxh3 53. Kxh3 c3 54. h6 c2 55. Kg4 c1Q 56. Kh5 Qh1+ 57. Kg6 Qg2+ 58. Kh7 Qxa2 0-1

[Event "AUT-ch Seniors 65"]
[Site "Deutschlandsberg"]
[Date "2018.04.27"]
[Round "6"]
[White "Kunschek, Horst"]
[Black "Karall, Lorenz"]
[Result "1/2-1/2"]
[WhiteElo "1834"]
[BlackElo "1926"]
[PlyCount "116"]
[EventDate "2018.04.22"]
[EventType "swiss"]
[EventRounds "7"]
[EventCountry "AUT"]
[SourceTitle "CBM 184 Extra"]
[Source "ChessBase"]
[SourceDate "2018.06.28"]
[SourceVersion "1"]
[SourceVersionDate "2018.06.28"]
[SourceQuality "1"]

1. e4 d6 2. d4 Nf6 3. Bd3 e5 4. dxe5 dxe5 5. Nf3 Bg4 6. h3 Bxf3 7. Qxf3 c6 8. 0-0 Nbd7 9. Be3 Qc7 10. Nc3 Nc5 11. Bc4 b5 12. Bxc5 Bxc5 13. Bd3 0-0 14. Ne2 Qe7 15. Ng3 g6 16. Rad1 Rfd8 17. Be2 Re8 18. c3 a5 19. Rd2 Ra7 20. Rfd1 Rd7 21. Rxd7 Nxd7 22. a3 Nf8 23. b4 axb4 24. cxb4 Bd4 25. Rc1 Qd7 26. Qb3 h5 27. Nf1 Ne6 28. Ne3 Bb6 29. Rd1 Qa7 30. Qc3 Nd4 31. Bf1 Ra8 32. Nc2 Qa4 33. Rd2 Rd8 34. Nxd4 Rxd4 35. Rxd4 Bxd4 36. Qxc6 Qxa3 37. Qxb5 Qb2 38. Qe2 Qxb4 39. Kh1 Qb1 40. Kg1 Qc1 41. Qc4 Qf4 42. Qe2 Kg7 43. Qf3 Qg5 44. Qd3 h4 45. Qf3 Qd2 46. Qe2 Qc1 47. Qc4 Qf4 48. Qe2 f5 49. exf5 gxf5 50. Qf3 Qxf3 51. gxf3 f4 52. Bd3 Kf7 53. Kf1 Ke6 54. Ke2 Kd5 55. Be4+ Kc4 56. Bd3+ Kc3 57. Be4 Kb2 58. Bd3 Kc1 1/2-1/2

[Event "AUT-ch Seniors 65"]
[Site "Deutschlandsberg"]
[Date "2018.04.26"]
[Round "5"]
[White "Kunschek, Horst"]
[Black "Bergen, Klaus"]
[Result "1/2-1/2"]
[WhiteElo "1834"]
[BlackElo "1861"]
[PlyCount "122"]
[EventDate "2018.04.22"]
[EventType "swiss"]
[EventRounds "7"]
[EventCountry "AUT"]
[SourceTitle "CBM 184 Extra"]
[Source "ChessBase"]
[SourceDate "2018.06.28"]
[SourceVersion "1"]
[SourceVersionDate "2018.06.28"]
[SourceQuality "1"]

1. e4 c5 2. Nf3 Nc6 3. d4 cxd4 4. Nxd4 e6 5. Nxc6 bxc6 6. c4 Nf6 7. Nc3 Qc7 8. Be3 Be7 9. Rc1 d6 10. Be2 e5 11. 0-0 0-0 12. b3 Be6 13. Nd5 Bxd5 14. cxd5 c5 15. f3 Qb7 16. Qd2 Nd7 17. Bd3 Rab8 18. Rb1 Qb4 19. Qc2 Bd8 20. Kh1 Ba5 21. Rfd1 Qb7 22. a3 Qc7 23. Rdc1 Qb7 24. h3 Nf6 25. Qf2 Nh5 26. b4 cxb4 27. Bxa7 Bb6 28. Bxb6 Qxb6 29. Qxb6 Rxb6 30. axb4 Nf4 31. Bf1 Ng6 32. Rc6 Rfb8 33. b5 Ne7 34. Rxb6 Rxb6 35. Ra1 f6 36. Ra7 Kf8 37. Ra8+ Kf7 38. Ra7 Kf8 39. Kg1 Ke8 40. Kf2 Rb8 41. Ke3 Kf8 42. Bc4 Nc8 43. Ra6 Ke8 44. Kd3 Kd8 45. Kc3 Kc7 46. Kb4 Rb6 47. Ra8 Kb7 48. Ra3 Kb8 49. Ra2 Rb7 50. Rf2 Nb6 51. f4 exf4 52. Rxf4 Nd7 53. Be2 Nc5 54. h4 Kc7 55. Rg4 Kb6 56. Bf3 Ra7 57. h5 h6 58. Bd1 Re7 59. Bf3 Ra7 60. Bd1 Re7 61. Bc2 Ra7 1/2-1/2

[Event "AUT-ch Seniors 65"]
[Site "Deutschlandsberg"]
[Date "2018.04.24"]
[Round "3"]
[White "Pyrzek, Hans Dieter Michael"]
[Black "Kunschek, Horst"]
[Result "0-1"]
[WhiteElo "1704"]
[BlackElo "1834"]
[PlyCount "101"]
[EventDate "2018.04.22"]
[EventType "swiss"]
[EventRounds "7"]
[EventCountry "AUT"]
[SourceTitle "CBM 184 Extra"]
[Source "ChessBase"]
[SourceDate "2018.06.28"]
[SourceVersion "1"]
[SourceVersionDate "2018.06.28"]
[SourceQuality "1"]

1. e4 e5 2. Nf3 Nc6 3. Bb5 a6 4. Ba4 b5 5. Bb3 Bc5 6. c3 d6 7. 0-0 Nf6 8. d4 exd4 9. cxd4 Bb6 10. Re1 0-0 11. h3 h6 12. Nc3 Bb7 13. Bf4 Re8 14. e5 dxe5 15. dxe5 Nh7 16. e6 fxe6 17. Bxe6+ Kh8 18. Nd5 Ba5 19. Re3 Nf6 20. b4 Nxb4 21. Nxb4 Qxd1+ 22. Rxd1 Bxb4 23. Bxc7 Bc5 24. Re5 Ba7 25. Nd4 Bb8 26. Bxb8 Raxb8 27. Rde1 Rbd8 28. Nb3 Bc8 29. f4 Bxe6 30. Rxe6 Kg8 31. Kf2 Kf7 32. Rxe8 Nxe8 33. Ke3 Nf6 34. Rc1 Nd5+ 35. Kf3 Nb4 36. Rc7+ Kf6 37. Nc5 Nxa2 38. Rc6+ Kf7 39. Rxa6 Nc3 40. Rb6 Rd5 41. Rb7+ Kf6 42. Rb6+ Ke7 43. Rb7+ Kd6 44. Ne4+ Kc6 45. Nxc3 Rd3+ 46. Ke4 Rxc3 47. Rb8 Rg3 48. Rc8+ Kb6 49. Rc2 b4 50. f5 b3 51. Kf4 0-1

[Event "Vienna Husek op-B"]
[Site "Vienna"]
[Date "2012.08.17"]
[Round "5"]
[White "Mayrhuber, Nikola"]
[Black "Kunschek, Horst"]
[Result "0-1"]
[WhiteElo "1566"]
[BlackElo "1935"]
[PlyCount "112"]
[EventDate "2012.08.13"]
[EventType "swiss"]
[EventRounds "7"]
[EventCountry "AUT"]
[SourceTitle "EXT 2014"]
[Source "ChessBase"]
[SourceDate "2013.11.20"]
[SourceVersion "1"]
[SourceVersionDate "2013.11.20"]
[SourceQuality "1"]

1. d4 d5 2. c4 Nc6 3. e3 Nf6 4. Nc3 e6 5. a3 Be7 6. Nf3 0-0 7. Bd3 h6 8. 0-0 a6 9. Bd2 dxc4 10. Bxc4 b5 11. Ba2 Bb7 12. Qc2 b4 13. Ne4 bxa3 14. Nxf6+ Bxf6 15. bxa3 Ne7 16. Ba5 Rc8 17. Rab1 Bd5 18. Bxd5 Qxd5 19. Bb4 Rfe8 20. Rfc1 Ng6 21. Qc5 c6 22. Qb6 e5 23. dxe5 Nxe5 24. Nxe5 Bxe5 25. Qxa6 c5 26. Bc3 Ra8 27. Qe2 Rxa3 28. Bxe5 Qxe5 29. Qc4 Rc8 30. Rb5 Ra1 31. g3 Rxc1+ 32. Qxc1 Qd5 33. e4 Qd4 34. Qe3 Qa1+ 35. Kg2 c4 36. Rc5 Qa8 37. Rxc8+ Qxc8 38. Qc3 Qc6 39. Kf3 f5 40. Ke3 Qxe4+ 41. Kd2 f4 42. f3 Qd5+ 43. Ke2 fxg3 44. hxg3 Kf7 45. Ke3 Qc5+ 46. Ke4 g6 47. Qd4 Qc6+ 48. Ke3 c3 49. Qd1 c2 50. Qc1 Qc3+ 51. Ke2 g5 52. g4 Kf6 53. Kf2 Ke5 54. Ke2 Qc4+ 55. Kd2 Qf4+ 56. Kxc2 Qxc1+ 0-1

[Event "Vienna State-chB"]
[Site "Vienna"]
[Date "2011.09.15"]
[Round "6"]
[White "Maienschein, Sarah"]
[Black "Kunschek, Horst"]
[Result "1/2-1/2"]
[WhiteElo "1757"]
[BlackElo "1969"]
[PlyCount "78"]
[EventDate "2011.09.10"]
[EventType "swiss"]
[EventRounds "9"]
[EventCountry "AUT"]
[SourceTitle "EXT 2013"]
[Source "ChessBase"]
[SourceDate "2012.11.22"]
[SourceVersion "1"]
[SourceVersionDate "2012.11.22"]
[SourceQuality "1"]

1. e4 e5 2. f4 d5 3. exd5 exf4 4. Nf3 Qxd5 5. Nc3 Qd8 6. d4 Bd6 7. Bc4 Ne7 8. Ne4 0-0 9. 0-0 Ng6 10. Nfg5 Be7 11. Nf3 Bf5 12. Qd3 Nc6 13. c3 Na5 14. Bb5 Be6 15. Ned2 a6 16. Ba4 b5 17. Bc2 Nc4 18. Re1 Ne3 19. Bb3 Bf5 20. Qe2 c5 21. Nf1 cxd4 22. cxd4 Bb4 23. Bxe3 Bxe1 24. Rxe1 fxe3 25. Nxe3 Re8 26. Qf2 Bd3 27. h4 Qf6 28. Rd1 Be4 29. Ng4 Qf4 30. h5 Qxg4 31. Bxf7+ Kh8 32. Bxe8 Bxf3 33. Qxf3 Qxf3 34. gxf3 Rxe8 35. hxg6 hxg6 36. Kf2 Kg8 37. Rd3 Rd8 38. Ke3 Kf7 39. d5 Ke7 1/2-1/2

[Event "Vienna State-chB"]
[Site "Vienna"]
[Date "2011.09.10"]
[Round "1"]
[White "Kunschek, Horst"]
[Black "Schmidlechner, Alexander"]
[Result "0-1"]
[WhiteElo "1969"]
[BlackElo "2243"]
[PlyCount "106"]
[EventDate "2011.09.10"]
[EventType "swiss"]
[EventRounds "9"]
[EventCountry "AUT"]
[SourceTitle "EXT 2013"]
[Source "ChessBase"]
[SourceDate "2012.11.22"]
[SourceVersion "1"]
[SourceVersionDate "2012.11.22"]
[SourceQuality "1"]

1. e4 c5 2. Nf3 Nc6 3. d4 cxd4 4. Nxd4 Nf6 5. Nxc6 bxc6 6. Bd3 e5 7. 0-0 Be7 8. c4 0-0 9. Nc3 d6 10. h3 Rb8 11. b3 Nd7 12. Be3 Qc7 13. Rc1 Re8 14. Bb1 Nf8 15. f4 exf4 16. Bxf4 Ng6 17. Bg3 Ne5 18. Kh1 Bg5 19. Rc2 Qe7 20. Rcf2 f6 21. Qh5 Be6 22. Bf4 Bf7 23. Qe2 Bxf4 24. Rxf4 Bg6 25. Qd2 Rbd8 26. Ne2 Qc7 27. Rc1 Nd7 28. Nc3 Qb8 29. Rff1 Nc5 30. Rce1 Qb4 31. Qd4 a5 32. Re3 Bf7 33. Rd1 Ne6 34. Qd2 Qc5 35. Rd3 Qe5 36. Na4 Bh5 37. Rf1 Bg6 38. Re1 Ng5 39. Rd4 f5 40. Rd1 fxe4 41. Qe3 Ne6 42. R4d2 d5 43. cxd5 cxd5 44. Qb6 d4 45. Re1 e3 46. Bxg6 hxg6 47. Rdd1 e2 48. Rd2 d3 49. Nb2 Qg3 50. Qg1 Nf4 51. Nc4 Nxg2 52. Qxg2 Qxe1+ 53. Kh2 Qxd2 0-1

[Event "Vienna Kavalier op 5th"]
[Site "Vienna"]
[Date "2010.11.01"]
[Round "4"]
[White "Kunschek, Horst"]
[Black "Peichel, Roland"]
[Result "0-1"]
[WhiteElo "1974"]
[BlackElo "1899"]
[PlyCount "148"]
[EventDate "2010.10.28"]
[EventType "swiss"]
[EventRounds "7"]
[EventCountry "AUT"]
[SourceTitle "EXT 2011"]
[Source "ChessBase"]
[SourceDate "2010.11.26"]
[SourceVersion "1"]
[SourceVersionDate "2010.11.26"]
[SourceQuality "1"]

1. e4 e6 2. Nf3 c5 3. d4 cxd4 4. Nxd4 a6 5. c4 Nc6 6. Nxc6 bxc6 7. Nc3 Bb7 8. Be2 Ne7 9. 0-0 Ng6 10. Be3 Be7 11. Rc1 0-0 12. b3 Qc7 13. h3 a5 14. Na4 c5 15. Nc3 Bc6 16. f4 f5 17. e5 Rfd8 18. Bf3 Rab8 19. Bxc6 Qxc6 20. Qc2 d6 21. exd6 Qxd6 22. Rcd1 Qc6 23. Kh1 Nf8 24. Qf2 Kf7 25. Na4 Rxd1 26. Rxd1 Rc8 27. Bd2 Rd8 28. Re1 Bh4 29. Qxh4 Rxd2 30. Qg3 Ng6 31. Rf1 Rxa2 32. Rf2 Ra1+ 33. Kh2 Re1 34. Qc3 Re4 35. Qxa5 Rxf4 36. Re2 Re4 37. Rxe4 Qd6+ 38. Kg1 fxe4 39. Qxc5 Qd1+ 40. Kh2 Qxb3 41. Qc7+ Kf6 42. Nc5 Qe3 43. Nd7+ Kg5 44. Qc5+ Qxc5 45. Nxc5 Kf5 46. Nb3 e3 47. c5 Ke5 48. Nc1 Ne7 49. Kg1 Kd4 50. Kf1 Kxc5 51. Ke2 Nd5 52. g3 Kd4 53. Nb3+ Ke4 54. Nc5+ Kf5 55. Kf3 h5 56. Nd3 e5 57. g4+ hxg4+ 58. hxg4+ Ke6 59. Ne1 Nf6 60. Ng2 Nd5 61. Ne1 Nf6 62. Ng2 e2 63. Kxe2 Nxg4 64. Kf3 Kf5 65. Nh4+ Kg5 66. Kg3 e4 67. Ng2 Nf6 68. Ne3 Nh5+ 69. Kf2 Kf4 70. Ng2+ Ke5 71. Ke3 Nf6 72. Nh4 Nd5+ 73. Ke2 g5 74. Ng2 Nf4+ 0-1

[Event "Graz op-A 16th"]
[Site "Graz"]
[Date "2009.09.05"]
[Round "8"]
[White "Kunschek, Horst"]
[Black "Loebler, Heimo"]
[Result "0-1"]
[WhiteElo "2024"]
[BlackElo "2234"]
[PlyCount "22"]
[EventDate "2009.08.29"]
[EventType "swiss"]
[EventRounds "9"]
[EventCountry "AUT"]
[SourceTitle "CBM 132 Extra"]
[Source "ChessBase"]
[SourceDate "2009.11.03"]
[SourceVersion "1"]
[SourceVersionDate "2009.11.03"]
[SourceQuality "1"]

1. e4 g6 2. d4 Bg7 3. c4 d6 4. Nc3 Nf6 5. Nf3 0-0 6. Be2 e5 7. dxe5 dxe5 8. Qxd8 Rxd8 9. Nxe5 Nxe4 10. Nxf7 Bxc3+ 11. bxc3 Kxf7 0-1

[Event "Graz op-A 16th"]
[Site "Graz"]
[Date "2009.08.30"]
[Round "2"]
[White "Kunschek, Horst"]
[Black "Schiendorfer, Florian"]
[Result "0-1"]
[WhiteElo "2024"]
[BlackElo "2138"]
[PlyCount "80"]
[EventDate "2009.08.29"]
[EventType "swiss"]
[EventRounds "9"]
[EventCountry "AUT"]
[SourceTitle "CBM 132 Extra"]
[Source "ChessBase"]
[SourceDate "2009.11.03"]
[SourceVersion "1"]
[SourceVersionDate "2009.11.03"]
[SourceQuality "1"]

1. e4 Nc6 2. Nf3 d6 3. d4 Nf6 4. Nc3 Bg4 5. Be2 e6 6. 0-0 Be7 7. h3 Bh5 8. d5 exd5 9. exd5 Bxf3 10. Bxf3 Ne5 11. Be2 0-0 12. Be3 Nfd7 13. f4 Ng6 14. f5 Nge5 15. Ne4 Nc5 16. Nxc5 dxc5 17. c4 Re8 18. Qb3 b6 19. Rae1 Bh4 20. Bf2 Bxf2+ 21. Rxf2 Qh4 22. Ref1 f6 23. Rf4 Qg5 24. Kh2 Nf7 25. Qf3 Rad8 26. Bd1 Nd6 27. Qc3 Re5 28. Qd3 Rde8 29. R1f3 Re3 30. Qc2 Rxf3 31. Rxf3 Qh4 32. b3 Re1 33. Be2 Qd4 34. Bf1 Ne4 35. Qd3 Nd2 36. Qxd4 Nxf3+ 37. gxf3 cxd4 38. Bd3 Rd1 39. Be4 d3 40. Kg2 d2 0-1

[Event "Graz op-A"]
[Site "Graz"]
[Date "2008.09.06"]
[Round "8"]
[White "Kunschek, Horst"]
[Black "Polansek, Justin"]
[Result "1/2-1/2"]
[WhiteElo "2023"]
[BlackElo "2081"]
[PlyCount "94"]
[EventDate "2008.08.30"]
[EventType "swiss"]
[EventRounds "9"]
[EventCountry "AUT"]
[SourceTitle "CBM 126 Extra"]
[Source "ChessBase"]
[SourceDate "2008.11.05"]
[SourceVersion "1"]
[SourceVersionDate "2008.11.05"]
[SourceQuality "1"]

1. e4 c5 2. Nf3 d6 3. d4 cxd4 4. Nxd4 Nf6 5. Bd3 Nc6 6. Nxc6 bxc6 7. 0-0 g6 8. c4 Bg7 9. Nc3 0-0 10. h3 Nd7 11. Be3 Qa5 12. Bd2 Ne5 13. Be2 Qc7 14. Rc1 Be6 15. b3 f5 16. exf5 gxf5 17. f4 Qb6+ 18. Kh1 Ng6 19. Na4 Qc7 20. Qe1 Bd7 21. Bc3 e5 22. fxe5 dxe5 23. Nc5 Bc8 24. b4 Nf4 25. Nd3 Nxd3 26. Bxd3 e4 27. Bxg7 Qxg7 28. Bc2 Be6 29. Bb3 Qe5 30. Qc3 Qxc3 31. Rxc3 Rad8 32. Rf4 Rd4 33. Kg1 Kg7 34. Kf1 Rfd8 35. g4 Kf6 36. gxf5 Bxf5 37. Bc2 Ke5 38. Rf2 Rd2 39. Re2 Rxe2 40. Kxe2 Kf4 41. c5 Be6 42. Bb3 Bc8 43. a4 Ke5 44. b5 Kd4 45. Rc4+ Ke5 46. Rc3 Kd4 47. Rc4+ Ke5 1/2-1/2

[Event "Graz op-A"]
[Site "Graz"]
[Date "2008.09.04"]
[Round "6"]
[White "Kunschek, Horst"]
[Black "Spelec, Darko"]
[Result "1/2-1/2"]
[WhiteElo "2023"]
[BlackElo "1997"]
[PlyCount "113"]
[EventDate "2008.08.30"]
[EventType "swiss"]
[EventRounds "9"]
[EventCountry "AUT"]
[SourceTitle "CBM 126 Extra"]
[Source "ChessBase"]
[SourceDate "2008.11.05"]
[SourceVersion "1"]
[SourceVersionDate "2008.11.05"]
[SourceQuality "1"]

1. e4 e6 2. Nf3 d5 3. exd5 exd5 4. d4 Bd6 5. c4 c6 6. Nc3 Ne7 7. cxd5 cxd5 8. Bb5+ Nbc6 9. 0-0 Bg4 10. h3 Bh5 11. Be2 Rc8 12. Be3 0-0 13. Rc1 Bb8 14. Qb3 Na5 15. Qd1 Nc4 16. Bxc4 dxc4 17. g4 Bg6 18. Ne5 f6 19. Nxg6 Nxg6 20. f4 Re8 21. Qf3 a6 22. Rce1 b5 23. f5 Nh4 24. Qf2 Qd6 25. Bf4 Qxf4 26. Rxe8+ Rxe8 27. Qxf4 Bxf4 28. Rxf4 Re3 29. Kh2 Rd3 30. d5 Kf7 31. Ne4 Nf3+ 32. Kg2 Ne5 33. Nc5 Rxd5 34. Nxa6 Rd2+ 35. Rf2 Rxf2+ 36. Kxf2 Nd3+ 37. Ke3 Nxb2 38. Kd4 Nd3 39. Nc7 Nb4 40. Nxb5 Nxa2 41. Kxc4 Nc1 42. Nd4 Ke7 43. Kc3 Kd6 44. Kd2 Ke5 45. Ne6 Nb3+ 46. Kc3 Nc1 47. Nxg7 Ne2+ 48. Kd2 Ng1 49. Ke3 Nxh3 50. Kf3 Nf4 51. Ne8 Nd5 52. Kg3 Ne3 53. Ng7 Ke4 54. Kh4 Kf3 55. g5 Nxf5+ 56. Nxf5 fxg5+ 57. Kxg5 1/2-1/2

[Event "Graz op-A"]
[Site "Graz"]
[Date "2008.08.31"]
[Round "2"]
[White "Wallner, Dieter"]
[Black "Kunschek, Horst"]
[Result "1/2-1/2"]
[WhiteElo "2128"]
[BlackElo "2023"]
[PlyCount "34"]
[EventDate "2008.08.30"]
[EventType "swiss"]
[EventRounds "9"]
[EventCountry "AUT"]
[SourceTitle "CBM 126 Extra"]
[Source "ChessBase"]
[SourceDate "2008.11.05"]
[SourceVersion "1"]
[SourceVersionDate "2008.11.05"]
[SourceQuality "1"]

1. d4 d5 2. Nf3 Nc6 3. Bf4 Bg4 4. Nbd2 e6 5. e3 a6 6. Be2 Bd6 7. Bxd6 Qxd6 8. 0-0 Nf6 9. c4 0-0 10. a3 e5 11. cxd5 Qxd5 12. dxe5 Nxe5 13. Nxe5 Bxe2 14. Qxe2 Qxe5 15. Nf3 Qb5 16. Qc2 Rac8 17. Rfd1 h6 1/2-1/2